| 000 | 00399nam a22001697a 4500 | ||
|---|---|---|---|
| 003 | NUST | ||
| 020 | _a9788130922973 | ||
| 038 | _akhadija | ||
| 082 |
_a669.95732 _bSAL |
||
| 100 |
_aSalak, Andrej _986373 |
||
| 245 | _aManganese in Powder Metallurgy Steels | ||
| 260 |
_aNew Delhi : _bViva Books, _c2013. |
||
| 300 |
_a477 p. ; _b24 cm. |
||
| 500 | _aHardcover. | ||
| 563 | _aPB | ||
| 942 |
_cBK _2ddc |
||
| 999 |
_c34026 _d34026 |
||